000 00802nam a2200265 a 4500
999 _c11465
_d11465
001 11465
003 BD-JhCC
005 20190924093222.0
008 190624s20022014b |||| |||| 000 0 eng d
020 _a984700203407
035 _a(BD-JhCC)11465
040 _aBD-JhCC
_dBD-JhCC
041 _aeng
082 _a428.2
_bMOS 2014
100 _aMostafa Billah, Quazi
245 _afoundation english for undergraduates /
_cQuazi Mostain Billah, Golama Sarwar Chowdhury and Monjurul Alam
250 _a2nd ed.
260 _aDhaka :
_bFriends' Book Corner,
_c2014 [reprint]
300 _a256 p. :
_c24 cm.
650 _aEnglish language--Grammar
650 _aEnglish language--Grammar--Study and teaching
700 _aChowdhury, Golama Sarwar
700 _aAlam, Monjurul
942 _2ddc
_cBK